header

The rational emotive behavioural approach to therapeutic change (Record no. 53500)

MARC details
000 -LEADER
fixed length control field 01365nam a2200349Ia 4500
100 1# - MAIN ENTRY--AUTHOR NAME
Personal name Dryden, Windy.
245 14 - TITLE STATEMENT
Title The rational emotive behavioural approach to therapeutic change
260 ## - PUBLICATION, DISTRIBUTION, ETC. (IMPRINT)
Place of publication London ;
-- Thousand Oaks :
Name of publisher SAGE,
Year of publication 2004.
300 ## - PHYSICAL DESCRIPTION
Number of Pages 145 p.
490 1# - SERIES STATEMENT
Series statement Sage therapeutic change series
650 #0 - SUBJECT ADDED ENTRY--TOPICAL TERM
Topical Term Rational emotive behavior therapy.
Topical Term Cognitive therapy.
700 1# - ADDED ENTRY--PERSONAL NAME
Personal name Neenan, Michael.
856 40 - ELECTRONIC LOCATION AND ACCESS
Uniform Resource Identifier http://site.ebrary.com/lib/rucke/Doc?id=10076714

No items available.

© 2026 Rongo University
Contact us: librarian | system librarian | Rongo university